Medication... or Pokémon? - Statistics

General Stats
  • This quiz has been taken 8,357 times
  • The average score is 15 of 20
Answer Stats
Question Answer % Correct
Gabapentin Medication
96%
Ivysaur Pokémon
96%
Zyrtec Medication
90%
Domperidone Medication
89%
Axitinib Medication
88%
Zoroark Pokémon
88%
Ambien Medication
87%
Larvitar Pokémon
87%
Meditite Pokémon
82%
Rotom Pokémon
82%
Cyndaquil Pokémon
79%
Altaria Pokémon
78%
Bibarel Pokémon
73%
Valstar Medication
69%
Zaltrap Medication
64%
Lunesta Medication
64%
Beacopp Medication
64%
Frigibax Pokémon
63%
Blacephalon Pokémon
59%
Morgrem Pokémon
52%
No matching quizzes found
Score Distribution
Percent of People with Each Score
Percentile by Number Answered
Your Score History
You have not taken this quiz